=LDR 00000nam 2200000 4500 =001 INLIS000000000042946 =005 20131008015747 =008 ***********************************Ind** =035 ##$$0010-101300000000868 =041 ##$$a Ind =090 ##$$a 154.4, ABU m =100 ##$$a Abul ' Id, 'Athif =245 ##$$a The Magi9k Smile, Kekuatan Sihiur Yang Mengubah Hidup Anda; ' Athif Abul 'Id =260 ##$$a 2009 $b Surakarta =300 ##$$a 108 hlm, Ilus, 20.5 cm =850 ##$$a NBPNMAT